000 00544nam a2200169 i 4500
001 60630
003 ES-MaACL
005 20230906164256.0
007 t|
008 031105s1940 sp ||||1| spa d
100 1 _aEssen, Leon van der.
_947988
245 1 3 _aEl ejército español de Flandes en el siglo XVI /
_cLeon van der Essen ; traducido por F.X.S.
260 _aMadrid :
_b[s.n.,
_c1940] (
_fAldus S.A. de Artes Gráficas)
300 _a23 p. ;
_c25 cm.
500 _aEs separata de: Har, nº 3.
852 _aES-MaACL
_j1841-F-6
_bR.20172
999 _c60630
_d60630